ბათუმის შოთა რუსთაველის სახელმწიფო უნივერსიტეტის ბიბლიოთეკა

ნარკვევები ირანულ-ქართული ენობრივი ურთიერთობიდან = Очерки по Иранско-Грузинским языковым взаимоотношениям = Studies in Iranian-Georgian Linguistik Contacts / (ბიბ.ჩანაწერი № 53012)

000 -ლიდერი
ფიქსირებული სიგრძის საკონტროლო ველი 01842nam a2200289Ia 4500
001 - საკონტროლო ნომერი
საკონტროლო ველი 20043
003 - საკონტროლო ნომრის იდენტიფიკატორი
საკონტროლო ველი GE_BSU
005 - ბოლო ოპერაციის თარიღი და დრო
საკონტროლო ველი 20200605231749.0
008 - ფიქსირებული სიგრძის მონაცემთა ელემენტები - ზოგადი ინფორმაცია
ფიქსირებული სიგრძის საკონტროლო ველი 181216s1966||||ge |||||||||||||| ||geo||
040 ## - კატალოგიზაციის წყარო
Transcribing agency GE_BSU
041 ## - ენის კოდი
Language code of text/sound track or separate title geo
080 ## - უნივერსალური ათობითი კლასიფიკაციის ინდექსი
Universal Decimal Classification number 811.353.1+ 811.222.1 ა-64
100 ## - მთავარი ჩანაწერი - პიროვნების სახელი
Personal name ანდრონიკაშვილი, მზია
9 (RLIN) 8304
245 ## - ცნობა სათაურის შესახებ
Title ნარკვევები ირანულ-ქართული ენობრივი ურთიერთობიდან = Очерки по Иранско-Грузинским языковым взаимоотношениям = Studies in Iranian-Georgian Linguistik Contacts /
Statement of responsibility, etc მზია ანდრონიკაშვილი ; რედაქტორი გ. ახვლედიანი.
264 ## - წარმოების, გამოცემის, დისტრიბუციის და სხვა ცნობები
გამოცემის, წარმოების, დისტრიბუციის... ადგილი თბილისი :
გამოცემის, წარმოების, დისტრიბუციის... სახელწოდება თბილ. სახელმწ. უნ-ტის გამ-ბა და სტ.,
გამოცემის, წარმოების, დისტრიბუციის... თარიღი 1966.
300 ## - ფიზიკური აღწერა
Extent 634 გვ. ;
Dimensions 22 სმ.
500 ## - ზოგადი შენიშვნა
General note შინაარსი : ძველი ირანული ლექსიკა და საშუალო ირანული სიტყვები ქართულში ; ირანული წარმომავლობის პირის საკუთარი სახელები
501 ## - შენიშვნა თანმხლებ მასალაზე
With note სიტყვათა საძიებელი
504 ## - BIBLIOGRAPHY, ETC. NOTE
Bibliography, etc ბიბლიოგრ. : გვ. 575-588
505 ## - FORMATTED CONTENTS NOTE
Formatted contents note .
520 ## - SUMMARY, ETC.
Summary, etc რეზუმე რუსულ და ინგლისურ ენაზე. -
653 ## - INDEX TERM--UNCONTROLLED
Uncontrolled term გრამატიკა
653 ## - INDEX TERM--UNCONTROLLED
Uncontrolled term ირანულ-ქართული ენობრივი ურთიერთობები
700 ## - ADDED ENTRY--PERSONAL NAME
Personal name ახვლედიანი, გ.
Relator term რედაქტორი
9 (RLIN) 2910
942 ## - ADDED ENTRY ELEMENTS (KOHA)
Koha item type წიგნი
Source of classification or shelving scheme
ეგზემპლარები
ჩამოწერის სტატუსი დაკარგული ეგზემპლარის სტატუსი კლასიფიკაციის წყარო ან თაროზე გაწყობის სქემა დაზიანების სტატუსი არ გაიცემა მუდმივი მდებარეობა (დაცვის ადგილი) ამჟამინდელი ადგილსამყოფელი თაროზე განთავსების ადგილი შეძენის თარიღი ღირებულება, შესყიდვის ნორმალური ფასი სრული შენახვის შიფრი შტრიხკოდი ბოლო ოპერაციის თარიღი ეგზემპლარის მიმდევრობითი ნომერი (კეტერი?) ფასის ძალაში შესვლის თარიღი ეგზემპლარის სახეობა საჯარო შენიშვნა
          ბათუმის შოთა რუსთაველის სახელმწიფო უნივერსიტეტის მთავარი ბიბლიოთეკა ბათუმის შოთა რუსთაველის სახელმწიფო უნივერსიტეტის მთავარი ბიბლიოთეკა წიგნსაცავი 2018-12-17 5.92 811.353.1+ 811.222.1 ა-64 52761 2018-12-17 52761 2018-12-17 წიგნი 5.92 ლ.